Субъект толерантности и интолерантности как фактор управления социальными отношениями; Известия Томского политехнического университета [Известия ТПУ]; Т. 311, № 7 : Философия, социология и культурология
| Parent link: | Известия Томского политехнического университета [Известия ТПУ]/ Томский политехнический университет (ТПУ).— , 2000- Т. 311, № 7 : Философия, социология и культурология.— 2007.— [С. 56-60] |
|---|---|
| Andre forfattere: | , , , , , |
| Summary: | Заглавие с титульного листа Электронная версия печатной публикации Рассматривается проблема субъекта толерантности и интолерантности в массовом сознании общества, анализируются концептуальные подходы к рассмотрению механизма их взаимодействия. |
| Sprog: | russisk |
| Udgivet: |
2007
|
| Serier: | Философия, социология и культурология |
| Fag: | |
| Online adgang: | http://www.lib.tpu.ru/fulltext/v/Bulletin_TPU/2007/v311/i7/12.pdf |
| Format: | Electronisk Book Chapter |
| KOHA link: | https://koha.lib.tpu.ru/cgi-bin/koha/opac-detail.pl?biblionumber=172822 |
MARC
| LEADER | 00000nla2a2200000 4500 | ||
|---|---|---|---|
| 001 | 172822 | ||
| 005 | 20231031164356.0 | ||
| 035 | |a (RuTPU)RU\TPU\book\187422 | ||
| 035 | |a RU\TPU\book\187401 | ||
| 090 | |a 172822 | ||
| 100 | |a 20091216d2007 k y0rusy50 ca | ||
| 101 | 0 | |a rus | |
| 102 | |a RU | ||
| 135 | |a drnn ---uucaa | ||
| 181 | 0 | |a i | |
| 182 | 0 | |a b | |
| 200 | 1 | |a Субъект толерантности и интолерантности как фактор управления социальными отношениями |b Электронный ресурс |f Н. Г. Квеско [и др.] | |
| 203 | |a Текст |c электронный | ||
| 215 | |a 1 файл (127 Кб) | ||
| 225 | 1 | |a Философия, социология и культурология | |
| 230 | |a Электронные текстовые данные (1 файл : 127 Кб) | ||
| 300 | |a Заглавие с титульного листа | ||
| 300 | |a Электронная версия печатной публикации | ||
| 320 | |a [Библиогр.: с. 60 (8 назв.)] | ||
| 330 | |a Рассматривается проблема субъекта толерантности и интолерантности в массовом сознании общества, анализируются концептуальные подходы к рассмотрению механизма их взаимодействия. | ||
| 337 | |a Adobe Reader | ||
| 461 | 1 | |0 (RuTPU)RU\TPU\book\176237 |t Известия Томского политехнического университета [Известия ТПУ] |f Томский политехнический университет (ТПУ) |d 2000- | |
| 463 | 1 | |0 (RuTPU)RU\TPU\book\187385 |t Т. 311, № 7 : Философия, социология и культурология |v [С. 56-60] |d 2007 |p 178 с. | |
| 610 | 1 | |a толерантность | |
| 610 | 1 | |a интолерантность | |
| 610 | 1 | |a социальные отношения | |
| 610 | 1 | |a субъекты | |
| 610 | 1 | |a массовое сознание | |
| 610 | 1 | |a общество | |
| 610 | 1 | |a концептуальные подходы | |
| 610 | 1 | |a труды учёных ТПУ | |
| 610 | 1 | |a электронный ресурс | |
| 701 | 1 | |a Квеско |b Р. Б. |c доцент каф. философии (ФИЛ) ГФ, ТПУ |c доктор философских наук |f 1943- |g Раиса Брониславовна |2 stltpush |3 (RuTPU)RU\TPU\pers\25429 | |
| 701 | 1 | |a Радченко |b О. Е. |c аспирант каф. философии (ФИЛ) ГФ, ТПУ |f 1981- |g Оксана Евгеньевна |2 stltpush |3 (RuTPU)RU\TPU\pers\25438 | |
| 701 | 1 | |a Чубик |b А. П. |c специалист в области социальной философии |c доцент Томского политехнического университета |f 1980- |g Анна Петровна |2 stltpush |3 (RuTPU)RU\TPU\pers\25448 | |
| 701 | 1 | |a Квеско |b С. Б. | |
| 701 | 1 | |a Гончарова |b О. С. | |
| 701 | 1 | |a Исупов |b М. В. | |
| 801 | 1 | |a RU |b 63413507 |c 20090623 |g PSBO | |
| 801 | 2 | |a RU |b 63413507 |c 20211118 |g PSBO | |
| 856 | 4 | |u http://www.lib.tpu.ru/fulltext/v/Bulletin_TPU/2007/v311/i7/12.pdf | |
| 942 | |c CF | ||